Most appearances in an English FA Cup Final - Statistics

General Stats
  • This quiz has been taken 844 times
  • The average score is 10 of 17
Answer Stats
Hint Answer % Correct
18 Arsenal
99%
18 Manchester United
98%
14 Liverpool
97%
11 Chelsea
96%
13 Everton
90%
10 Manchester City
87%
10 Aston Villa
82%
9 Tottenham Hotspur
67%
13 Newcastle United
48%
6 Sheffield Wednesday
47%
6 Sheffield United
41%
8 Blackburn Rovers
38%
8 Wolverhampton Wanderers
31%
7 Bolton Wanderers
26%
7 Preston North End
25%
10 West Bromich Albion
9%
6 Old Etonians
6%
No matching quizzes found
Score Distribution
Percent of People with Each Score
Percentile by Number Answered
Your Score History
You have not taken this quiz